00274nam a2200097Ia 4500082001300000245005300013100002300066942002700089008004100116999001900157 a242 MEYE 0aThe power of forgiveness : keep your heart free  aMeyer, Joyce94187 cBKy234zLeroy Nxumalo210825s9999 xx 000 0 und d c558619d558618